La Violencia política en el Perú: un esbozo interdisciplinario de interpretación /
El potencial de la violencia política en el Perú sólo puede ser explicado si se incluyen en el análisis tanto la dimensión social-psicológica como la cultura del autoritarismo que todavía es predominante en el país. Las causas de esta violencia política son múltiples: la destrucción del tejido socia...
Guardado en:
| Hovedforfatter: | |
|---|---|
| Format: | Texto |
| Fag: | |
| Tags: |
Tilføj Tag
Ingen Tags, Vær først til at tagge denne postø!
|
MARC
| LEADER | 00000 a a2200000 04500 | ||
|---|---|---|---|
| 001 | 8337 | ||
| 003 | |||
| 040 | |||
| 100 | |a Mansilla, H. C. F. | ||
| 245 | |a La Violencia política en el Perú: |b un esbozo interdisciplinario de interpretación / |c H. C. F. Mansilla | ||
| 520 | |a El potencial de la violencia política en el Perú sólo puede ser explicado si se incluyen en el análisis tanto la dimensión social-psicológica como la cultura del autoritarismo que todavía es predominante en el país. Las causas de esta violencia política son múltiples: la destrucción del tejido social tradicional, la presión demográfica, las grandes migraciones internas, las expectativas de progreso individual, la debilidad de las instituciones y la demogratización incompleta. Los movimientos guerrilleros se aprovecharon de estos factores, pero no supieron brindar a la población una alternativa realista y creíble. Su terrorismo irracional contribuyó al establecimiento de un gobierno autoritario en abril de 1992 | ||
| 650 | |a CONFLICTOS POLITICOS | ||
| 650 | |a VIOLENCIA | ||
| 650 | |a ACTIVIDAD MILITAR | ||
| 650 | |a DESIGUALDAD SOCIAL | ||
| 650 | |a EXTREMISMO | ||
| 650 | |a FUERZAS ARMADAS | ||
| 773 | |g número 8; páginas 149-177 | ||
| 999 | |c 24107 |d 24107 | ||
